=LDR 00000nam 2200000 4500 =001 INLIS000000000042438 =005 20131008015228 =008 ***********************************ind** =035 ##$$a0010-101300000000360 =041 ##$$a ind =082 ##$$a 616.994 =090 ##$$a 616.994, Pan p =245 ##$$a Panduan penatalaksanaan kanker solid peraboi 2010, Editor, I.b Tjakra manuaba =260 ##$$a 2010 $b Jakarta =300 ##$$a Xv,280 hlm, Ilus, 25 cm =650 ##$$a ONKOLOGI (Bedah) =700 ##$$a I. B Cakra Manuaba =850 ##$$a NBPNMAT =990 ##$$a 21400613/BPAP-NTB/20142014